| 000 | 01730nam a2200433Ii 4500 | ||
|---|---|---|---|
| 001 | DIGECOED0418 | ||
| 003 | NyNyDIG | ||
| 006 | m o d | ||
| 007 | cr ||||||||||| | ||
| 008 | 211127s2019 ck a ob 000 0 spa d | ||
| 035 | _a(OCoLC)1319855527 | ||
| 040 |
_aDGITA _beng _erda _epn _cDGITA |
||
| 020 |
_a9789587717662 _qeBook |
||
| 020 | _z9789587717655 | ||
| 050 | 1 | 4 | _aTA169 ebook |
| 082 | 0 | 4 | _a620.00452 |
| 100 | 1 |
_aCastañeda Cortes, Andrey, _eauthor. |
|
| 245 | 1 | 0 |
_aMejoramiento de la confiabilidad : _buna ruta hacia la excelencia en el mantenimiento industrial / _cAndrey Castañeda Cortes. |
| 250 | _aPrimera edición. | ||
| 264 | 1 |
_aBogotá, D.C. : _bEcoe Ediciones, _c[2019] |
|
| 300 |
_a1 online resource : _billustrations. |
||
| 336 |
_atext _btxt _2rdacontent |
||
| 337 |
_acomputer file _bc _2rdamedia |
||
| 338 |
_aonline resource _bcr _2rdacarrier |
||
| 347 |
_atext file _2rdaft |
||
| 347 | _bPDF | ||
| 490 | 1 | _aIngeniería y salud en el trabajo. Ingeniería industrial | |
| 504 | _aIncludes bibliographical references. | ||
| 588 | 0 | _aOnline resource; title from PDF title page (Digitalia, viewed November 27, 2021) | |
| 650 | 0 | _aReliability (Engineering) | |
| 655 | 0 | _aElectronic books. | |
| 776 | 0 | 8 |
_iPrint version: _aCastañeda Cortes, Andrey. _tMecánica de fluidos. _bPrimera edición. _dBogotá, D.C. : Ecoe Ediciones, 2019 _z9789587717655 |
| 791 | 2 |
_aDigitalia (Firm), _edistributor. |
|
| 793 | 0 |
_gDigitalia eBook Collection: _aEcoe Ediciones |
|
| 830 | 0 |
_aColección Ingeniería y salud en el trabajo. _pÁrea: Ingeniería industrial. |
|
| 856 | 4 | 0 |
_3Digitalia Hispánica _uhttps://www.digitaliapublishing.com/a/101621/ |
| 910 | _aPremium collection: 2022 | ||
| 942 | _cRAA | ||
| 999 |
_c268302 _d268302 |
||